000
00277nam a22001217a 4500
008
170621b xxu||||| |||| 00| 0 eng d
041
_a
eng
080
_a
94
100
_a
18
101
_a
SHP
245
_a
GREAT SHORT STORIWS OF THE WORLD
_c
THUMLUTH.R
942
_2
udc
_c
BK
999
_c
18390
_d
18390